Islamic Country or not? - Statistics

General Stats
  • This quiz has been taken 422 times
  • The average score is 13 of 15
Answer Stats
Question Answer % Correct
Kazakhstan True
97%
Malta False
96%
Serbia False
94%
Tajikistan True
93%
Maldives True
91%
Malaysia True
90%
Angola False
85%
Armenia False
85%
Montenegro False
84%
Brunei True
83%
Comoros True
76%
Senegal True
76%
East Timor False
74%
Singapore False
72%
Guinea True
59%
No matching quizzes found
Score Distribution
Percent of People with Each Score
Percentile by Number Answered
Your Score History
You have not taken this quiz